000 00629nam a2200181Ia 4500
008 100920s9999 xx 000 0 und d
082 _b63144
_a61 थ 77
100 _a---
245 _aरवींद्रनाथ टागोर.
260 _bराष्ट्रीय चरित्रमाला, पुणे.
_c1977
300 _a56
_bसाधी
365 _b1.5
520 _aस्थानिक वाचन.
630 _aरवींद्रनाथ टागोर.
650 _aस्थानिक वाचन.
730 _aरवींद्रनाथ टागोर.
942 _cBOOK
999 _c706227
_d706224